| 000 | 00351nam a2200133Ia 4500 | ||
|---|---|---|---|
| 008 | 150202s9999 xx 000 0 und d | ||
| 020 | _a425063348 | ||
| 050 |
_aFIC _bFIC |
||
| 100 | _aMorris, Janet. | ||
| 245 |
_aDream dancer / _cJanet Morris. |
||
| 260 |
_aNew York : _bBerkley Books, _c1980. |
||
| 300 |
_a327 pages : _c18 cm. |
||
| 650 | _aFiction. | ||
| 999 |
_c282267 _d282267 |
||